000 00793nam a22001695i 4500
001 161935
003 ES-MaACL
005 20250918063040.0
008 000203s1872 sp |||| | spa d
100 1 _aPerillan Buxó, Eloy,
_d1848-1889
_9131025
245 1 0 _aDon Robustiano
_b: disparate cómico en dos actos y en prosa /
_coriginal de Eloy Perillan y Buxó.
260 _aMadrid :
_b[s.n.],
_c1872 (
_fImp. de Diego Valero)
300 _a48 p. ;
_c20 cm.
500 _aEn port.: Estrenada con gran aplauso en el Teatro de Variedades en la noche del 17 de abril de 1872.
852 _aES-MaACL
_jF-8597(11)
_z- Enc. pasta española, falto de cub. original
_z- Enc. en un vol. facticio formando parte de la col. facticia "Teatro español moderno", v. 50
999 _c161935
_d161935